000 00329nam a22001337a 4500
008 171030b xxu||||| |||| 00| 0 eng d
020 _a9780079122537
041 _aeng
080 _a336
100 _a56
101 _aFIN
245 _aMODELLING FIXED INCOME SECURITIES AND INTEREST RATE OPTIONS
_cJARROW,R.A
942 _2udc
_cBK
999 _c36380
_d36380